00241nam a2200109Ia 4500100002300000654002400023245002900047260002000076082001500096300000800111546001200119 aDrucker/ Peter F.  aeffective executive aThe Effective Executive bPan Booksc1967 a658.5bDRU a183 aENGLISH